LEADER 01962nas 2200661- 450 001 9910154544803321 005 20230623214955.0 011 $a1940-1574 035 $a(DE-599)ZDB2065911-8 035 $a(OCoLC)45048813 035 $a(CKB)954925379959 035 $a(CONSER)--2006264649 035 $a(EXLCZ)99954925379959 100 $a20000920a19509999 s-- a 101 0 $aeng 135 $aurgnu|||||||| 181 $ctxt$2rdacontent 182 $cc$2rdamedia 183 $acr$2rdacarrier 200 10$aAngiology $ethe journal of vascular diseases 210 $aGlen Head, N.Y. $cWestminster Publications 215 $a1 online resource 300 $aRefereed/Peer-reviewed 300 $aPublished: [Thousand Oaks, Ca.] : Sage Publications, Aug./Sept. 2006- 311 $a0003-3197 606 $aBlood-vessels$xDiseases$vPeriodicals 606 $aAngiography 606 $aVascular Diseases 606 $aBlood Vessels 606 $aCardiology 606 $aBlood-vessels$xDiseases$2fast$3(OCoLC)fst00834842 606 $aVaisseaux sanguins$xMaladies$vPériodiques 606 $aAngiographie 606 $aVaisseaux sanguins$xMaladies 606 $aVaisseaux sanguins 606 $aCardiologie 608 $aPeriodical. 608 $aPeriodicals.$2fast 608 $aPeriodicals.$2lcgft 608 $aperiodicals.$2aat 608 $aPériodiques.$2rvmgf 615 0$aBlood-vessels$xDiseases 615 2$aAngiography. 615 2$aVascular Diseases. 615 2$aBlood Vessels. 615 2$aCardiology. 615 7$aBlood-vessels$xDiseases. 615 6$aVaisseaux sanguins$xMaladies 615 6$aAngiographie. 615 6$aVaisseaux sanguins$xMaladies. 615 6$aVaisseaux sanguins. 615 6$aCardiologie. 676 $a616.105 712 02$aAmerican Society of Angiology, 906 $aJOURNAL 912 $a9910154544803321 996 $aAngiology$9801650 997 $aUNINA LEADER 01363nam0 22002891i 450 001 UON00048845 005 20231205102217.64 100 $a20020107d1971 |0itac50 ba 101 $ager 102 $aDE 105 $a|||| 1|||| 200 1 $aBilinguale Udanavarga-texte der sammlung Hoernle$fvon Werner Thomas 210 $aMainz$cVerlag der Akademic der Wissenschaften und der Literatur$d1971 215 $a43 p.$d23 cm 316 $aFatt. M/282651 5.7.00$5IT-UONSI ACIIE/009 410 1$1001UON00066635$12001 $aAbhandlungen der Geistes- und Sozialwissenschaftlichen Klasse$fAkademie der Wissenschaften und der Literatur$v1971,07 606 $aLINGUA TOCARIA$xTESTI$3UONC011616$2FI 620 $aAT$dWien$3UONL003140 686 $aAC II E$cASIA CENTRALE - LINGUISTICA - ALTRE LINGUE IRANICHE ANTICHE (TOCARIO)$2A 700 1$aTHOMAS$bWerner$3UONV007097$0387995 712 $aAkademie der Wissenschaften und der Literatur zu Mainz$3UONV246421$4650 801 $aIT$bSOL$c20241213$gRICA 899 $aSIBA - SISTEMA BIBLIOTECARIO DI ATENEO$2UONSI 912 $aUON00048845 950 $aSIBA - SISTEMA BIBLIOTECARIO DI ATENEO$dSI AC II E 009 $eSI SA 93373 5 009 Fatt. M/282651 5.7.00 996 $aBilinguale Udanavarga-texte der sammlung Hoernle$91146816 997 $aUNIOR